000 00734nam a2200253Ia 4500
003 OSt
005 20220918164857.0
006 a|||||r|||| 00| 0
007 ta
008 220917b |||||||| |||| 00| 0 eng d
020 _a0804728348
024 _a36,867
037 _cTextual
040 _aARTS
_cARTS
_beng
041 _2eng
_aeng
082 _aO142:g(W:81), 111N7
100 _aPlatt Kevin M F
_921427
245 0 _aHistory in a Grotesque key
_b Russian literature and the idea of revolution
260 _aStanford
_bStanford Univ Press
_c1997
300 _axi,293p.
_ccm.
650 _aENGLISH LITERATURE
942 _hO142:g(W:81), 111N7
_cTEXL
_2CC
999 _c127166
_d127166